000 01269nam a2200337 i 4500
003 EG-GICUC
005 20260415231955.0
008 260406s1998 ie |||fr|||| 00| 0 eng d
040 _a EG-GICUC
_beng
_c EG-GICUC
_d EG-GICUC
_erda
041 _aEng
082 0 4 _221
_a343.7
_bCO . R
092 0 4 _221
099 _aLaw1 10 343.7 CO . R 1998
110 _aProceedings of the Siracusa Conference 17-21 September 1998
245 1 0 _aReining in Impunity for International Crimes and Serious Violations of Fundamental Human :
_bProceedings of the Siracusa Conference 17-21 September 1998 /
_cEditor Christopher C. Joyner, M. Cherif Bassiouni.
264 1 _aÉrès :
_bAssociation Internationale De Droit Pénal,
_c1998.
300 _a661 Pages;
_c24cm.
336 _2rda content
_atext
337 _2rda media
_aComputer
338 _2rda carrier
_aOnline Resource
490 _aNouvelles Études Pénales
546 _aالنص باللغة الإنجليزية
650 1 _aCriminology
_2qrmak
650 1 _aCriminal Law
_2qrmak
651 1 _2qrmak
700 1 _aJoyner, Christopher
_eeditor.
700 1 _aBassiouni, M. Cherif
_eeditor.
856 4 0 _uhttps://fll.law.cu.edu.eg/fulltext/conf/B10-08990.pdf
905 _a54
_eYara
942 _2ddc
_cBK
_e21
_n0
999 _c69308
_d69308